01391cam a2200229 a 4500001001000000003000900010005001700019008004100036035001900077035001800096040003700114082001800151100003400169245005000203260005000253300003300303490002000336505069800356650003301054651005201087830002201139000014312DO-SdBNP20251118121326.0731009s1971 ve a 000 0 spa  a(DLC) 72326200 a(OCoLC)713559 aDO-SdBNPbspacBNPHUdOCoLCdDLC a332.11bL879s1 aLosada, Benito Raúl,d1923-10aSíntesis monetaria /cBenito Raúl Losada. aCaracas :bBanco Central de Venezuela,c1971. axvi, 159 p. :bil. ;c24 cm.1 aAniversariov300 aBenito Raúl Losada: Curriculum vitae -- Prólogo, por A. Machado Gómez -- Venezolana Política monetaria -- Politica de tenencia de reservas-- Cooperación financiera entre bancos, centrales -- Discurso pronunciado en nombre de los gobernadores latinoamericanos en la asamblea anual del Fondo Monetario Internacional, Washington, 2 de octubre de 1968 -- Alternativas en el manejo de reservas -- Consideraciones sobre los tipos de cambio fluctuantes -- Declaraciones sobre la evolución de la economía venezolana Durante 1968 -- Declaraciones sobre la evolución de la economía venazolana Durante 1969 -- Declaraciones sobre la evolución de la economía venezolana Durante 1970. 4aBancos centraleszVenezuela. 4aVenezuelaxCondiciones económicasy1918-1958. 0aAniversario ;v30